Ethnic issues, secularism, and conflict resolution in North East Asia / (Record no. 7463)

MARC details
000 -LEADER
fixed length control field 01679cam a22003734a 4500
001 - CONTROL NUMBER
control field 14645042
003 - CONTROL NUMBER IDENTIFIER
control field GBCCL
005 - DATE AND TIME OF LATEST TRANSACTION
control field 20241126110629.0
008 - FIXED-LENGTH DATA ELEMENTS--GENERAL INFORMATION
fixed length control field 060822s2006 ii b 101 0 eng
010 ## -
-- 2006453972
020 ## - INTERNATIONAL STANDARD BOOK NUMBER
International Standard Book Number 8180691349
025 ## - OVERSEAS ACQUISITION NUMBER
Overseas acquisition number I-E-2006-453972; 68-15; 63-16
037 ## - SOURCE OF ACQUISITION
Source of stock number/acquisition Library of Congress -- New Delhi Overseas Office
Terms of availability Rs500.00
040 ## - CATALOGING SOURCE
Original cataloging agency DLC
Transcribing agency DLC
Modifying agency DLC
042 ## -
-- lcode
043 ## -
-- a-ii---
050 00 -
-- DS483.42
-- .S46 2001
082 ## - DEWEY DECIMAL CLASSIFICATION NUMBER
Classification number 305.8009541
Item number ETH
111 2# -
-- Seminar on Ethnic Issues, Secularism, and Conflict Resolution in North-East India
-- (2001 :
-- Shillong, India)
-- 13170
245 10 - TITLE STATEMENT
Title Ethnic issues, secularism, and conflict resolution in North East Asia /
Statement of responsibility, etc. edited by Bimal J. Deb.
260 ## - PUBLICATION, DISTRIBUTION, ETC.
Place of publication, distribution, etc. Shillong :
Name of publisher, distributor, etc. Published for North-East India Council for Social Science Research by Concept Pub. Co., New Delhi,
Date of publication, distribution, etc. 2006.
300 ## - PHYSICAL DESCRIPTION
Extent xi, 247 p. ;
Dimensions 22 cm.
504 ## - BIBLIOGRAPHY, ETC. NOTE
Bibliography, etc. note Includes bibliographical references and index.
520 ## - SUMMARY, ETC.
Summary, etc. Contributed articles presented at the Seminar on Ethnic Issues, Secularism, and Conflict Resolution in North-East India held at Shillong during 25-26 April, 2001.
650 #0 - SUBJECT ADDED ENTRY--TOPICAL TERM
Topical term or geographic name entry element Ethnicity
Geographic subdivision India, Northeastern
Form subdivision Congresses.
9 (RLIN) 13171
650 #0 - SUBJECT ADDED ENTRY--TOPICAL TERM
Topical term or geographic name entry element Secularism
Geographic subdivision India, Northeastern
Form subdivision Congresses.
9 (RLIN) 13172
650 #0 - SUBJECT ADDED ENTRY--TOPICAL TERM
Topical term or geographic name entry element Conflict management
Geographic subdivision India, Northeastern
Form subdivision Congresses.
9 (RLIN) 13173
651 #0 - SUBJECT ADDED ENTRY--GEOGRAPHIC NAME
Geographic name India, Northeastern
General subdivision Ethnic relations
Form subdivision Congresses.
9 (RLIN) 13174
700 1# - ADDED ENTRY--PERSONAL NAME
Personal name Deb, Bimal J.
9 (RLIN) 13175
710 2# - ADDED ENTRY--CORPORATE NAME
Corporate name or jurisdiction name as entry element North-East India Council for Social Science Research.
9 (RLIN) 13176
906 ## - LOCAL DATA ELEMENT F, LDF (RLIN)
a 7
b cbc
c origode
d 3
e ncip
f 20
g y-gencatlg
942 ## - ADDED ENTRY ELEMENTS (KOHA)
Source of classification or shelving scheme Dewey Decimal Classification
Koha item type Books
Koha issues (borrowed), all copies 14
Holdings
Withdrawn status Lost status Source of classification or shelving scheme Damaged status Not for loan Home library Current Library Shelving location Date acquired Source of acquisition Cost, normal purchase price Total checkouts Full call number Barcode Date last seen Date last checked out Copy number Cost, replacement price Price effective from Koha item type Total renewals
    Dewey Decimal Classification     GRACE BIBLE COLLEGE GRACE BIBLE COLLEGE North East Collection 2018-09-24 10 375.00 3 305.8009541 ETH 014806 2025-05-01 2025-02-27 c.1 500.00 2018-09-24 Books  
    Dewey Decimal Classification     GRACE BIBLE COLLEGE GRACE BIBLE COLLEGE North East Collection 2018-09-24 10 375.00 9 305.8009541 ETH 014807 2025-05-01 2025-02-27 c.2 500.00 2018-09-24 Books 1
    Dewey Decimal Classification     GRACE BIBLE COLLEGE GRACE BIBLE COLLEGE North East Collection 2023-04-03     6 305.8009541 ETH 016170 2025-05-01 2024-02-26 c.3   2023-04-03 Books 1
© Grace Bible College Library 2025